Responses for Show #4884 - Thursday, December 1, 2005

Vik Vaz game 4.

Contestants

[<< previous game]

Adam Weinstein, a graduate student from Fort Lauderdale, Florida

Jenn Carlson, a proposal writer from Foxborough, Massachusetts

Vik Vaz, a medical student from Austin, Texas (whose 3-day cash winnings total $72,002)

[next game >>]

Jeopardy! Round responses

THE BILL OF RIGHTS
COMEDIC CATCHPHRASES
(Alex: You have to tell us whose they were.)
"I" DO
TRAVEL & TOURISM
WHAT A GEM!
THE WORLD AIDS CRISIS
(Alex: And on this, World AIDS Day, we have Youth AIDS Global Ambassador, Ashley Judd, who is going to be giving you the clues from South Africa.)
    $200 1
the 5th Amendment

Adam
    $200 9
Dana Carvey

Adam
    $200 17
iodine

Jenn
    $200 6
Benjamin Franklin

Adam
    $200 8
cat's eye

Adam
    $200 30
the WHO (World Health Organization)

Jenn
    $400 2
(Adam: What is 1937?)
(Vik: What is 1939?)

1941

VikAdam
Triple Stumper
    $400 10
Tom Smothers

Triple Stumper
    $400 18
Italy

Vik
    $400 14
the Mounties

Adam
    $400 22
chromium

Adam
    $400 29
India

Vik
    $600 3
seizures

Jenn
    $600 11
(Vik: Who is [*]'s Flying Circus?)

Monty Python

Vik
    $600 20
insulin (shock)

Jenn
    $600 7
Logan Airport

Jenn
    $600 23
lapis lazuli

Vik
    $600 28
Magic Johnson

Vik
    $800 4
Madison

Vik
    $800 15
(Alex: That would be [*] on Saturday Night Live. Roseanne Roseannadanna.)

Gilda Radner

Triple Stumper
    $800 21
The Ink Spots

Triple Stumper
    $800 12
(Vik: What are the Bahamas?)
(Jenn: What are the Canary Islands?)

Bermuda

VikJenn
Triple Stumper
    $800 25
amethyst

Triple Stumper
    $800 27
generic drugs

Vik
    $1000 5
a congressman

Vik
    $1000 16
(Jenn: Who is "Elmore Fudd"?)
(Alex: [Looking to the judges] Elmer Fudd?)
[The judges bust a gut laughing]
(Alex: It was that bad, was it?)
(Jenn: Yeah! [giggles])
(Alex: Dwat that wabbit--No, it's not Elmer Fudd. [*].)
(Jenn: I never even...)
(Alex: You're too young to remember that.)

Curly of the Three Stooges

Jenn
Triple Stumper
    $1000 19
ipecac

Adam
    $1,200 13
(Vik: What is Royal Dutch?)

Holland America

Vik
    $1000 24
(Vik: What is amber?)
(Jenn: What is ebony?)
...
(Alex: Amber, of course, is fossilized resin.)

jet

VikJenn
Triple Stumper
    $1000 26
a pandemic

Adam

Scores at the first commercial break (after clue 13):

Vik Jenn Adam
$0 $400 $400

Scores at the end of the Jeopardy! Round:

Vik Jenn Adam
$1,800 -$600 $3,200

Double Jeopardy! Round responses

NAME THAT POEM
THE SMITHSONIAN JAZZ BAND
AND NOW FROM THE BRIEFING ROOM
IT'S CURTAINS FOR YOU
FAMOUS AMERICANS
CIVIL WAR RHYME TIME
    $400 1
(Jenn: What is "Do Not Go Quiet into that Great Night"?)
(Vik: What is "Do Not Go Quiet into the Gentle Night"?)

"Do Not Go Gentle into that Good Night"

VikJenn
Triple Stumper
    $400 16
the wings

Vik
    $400 10
(Henry) Heimlich

Vik
    $400 15
Abe's babes

Jenn
    $800 2
"Song of Myself"

Vik
    $800 17
the Steel Curtain

Adam
    $800 9
(Thomas Alva) Edison

Vik
    $800 14
Grant's chants

Adam
    $2,000 5
(Alex: I don't know why you skipped it awhile ago, but you have it now, and you can take the lead away from Adam.)

"The Love Song of J. Alfred Prufrock"

Vik
    $1200 19
(Dizzy) Gillespie

Adam
    $1200 22
(Alexander) Haig

Vik
    $1200 18
the Bamboo Curtain

Triple Stumper
    $1200 6
Ralph Bunche

Vik
    $1200 12
Brady's ladies

Vik
    $1600 3
"To His Coy Mistress"

Vik
    $1600 21
(Alex: The "BR" stands for [*].)

Buddy Rich

Triple Stumper
    $1600 23
Yasser Arafat

Vik
    $1600 7
(Alex: I'm sure you've all heard of the [*] chair. A beautiful chair. [*] is the man.)

(Charles) Eames

Triple Stumper
    $1600 11
Pickett's thickets

Vik
    $2000 4
(Vik: What is "Ode on a Grecian Urn"?)

"Endymion"

Vik
Triple Stumper
    $2000 20
J.J. Johnson

Triple Stumper
    $3,500 24
(the) Taft-Hartley (Act)

Vik
    $2000 25
[The end-of-round signal sounds.]

Eudora Welty

Triple Stumper
    $2000 8
(John) Wanamaker

Adam
    $2000 13
Meade's deeds

Adam

Scores at the end of the Double Jeopardy! Round:

Vik Jenn Adam
$15,700 -$600 $10,000

[wagering suggestions for these scores]

Final Jeopardy! Round responses

GEOGRAPHY
(Alex: Now, some people'd think the luck of the draw favored you on this, Vik, because you like Central and Eastern Europe. Did you come up with [*] as well? You picked Romania instead. How much had you wagered? Well, you'd have won it by a dollar, but instead you wind up with $11,399.)
AdamWhat is Hungary?
$10,000
VikWhat is Romania?
$4,301
Hungary

Final scores:

Vik Jenn Adam
$11,399 -$600 $20,000
2nd place: $2,000 3rd place: $1,000 New champion: $20,000

Game dynamics:

Coryat scores:

Vik Jenn Adam
$14,600 -$600 $10,000
20 R
(including 2 DDs),
6 W
(including 1 DD)
6 R,
4 W
13 R,
1 W

Combined Coryat: $24,000

[game clues] [game scores] [suggest correction]

Game tape date: 2005-09-13
The J! Archive is created by fans, for fans. Scraping, republication, monetization, and malicious use prohibited; this site may use cookies and collect identifying information. See terms. The Jeopardy! game show and all elements thereof, including but not limited to copyright and trademark thereto, are the property of Jeopardy Productions, Inc. and are protected under law. This website is not affiliated with, sponsored by, or operated by Jeopardy Productions, Inc. Join the discussion at JBoard.tv.